Online Catalogue and eLibrary

Born to Please: (Record no. 1628)

MARC details
000 -LEADER
fixed length control field 00491nam a2200169Ia 4500
005 - DATE AND TIME OF LATEST TRANSACTION
control field 20250120052258.0
008 - FIXED-LENGTH DATA ELEMENTS--GENERAL INFORMATION
fixed length control field 240331s9999 xx 000 0 und d
020 ## - INTERNATIONAL STANDARD BOOK NUMBER
ISBN 0722522088
082 ## - DDC Classification
Item Number - Author Mark BLA
DDC Edition Number 606
Class No. 305.4
100 ## - MAIN ENTRY--PERSONAL NAME
Personal name Blaker, K
245 #0 - TITLE STATEMENT
Title Born to Please:
Remainder of title An Eight-Step Recovery Programme for Women Trapped By Their Relationships
260 ## - PUBLICATION, DISTRIBUTION, ETC.
Place of publication, distribution, etc. Northamptonshire
Name of publisher, distributor, etc. Thorsons Publishing Group
Date of publication, distribution, etc. 1990
300 ## - PHYSICAL DESCRIPTION
Extent (e.g. Volumes, Pages etc.) ix, 227 p.,
650 ## - SUBJECT ADDED ENTRY--TOPICAL TERM
Topical term or geographic name entry element Women
650 ## - SUBJECT ADDED ENTRY--TOPICAL TERM
Topical term or geographic name entry element Relationships
942 ## - Koha item type (Biblio)
Koha item type Books in Stacks (Lending)
Holdings
Lost status Damaged status Collection code Home library Current library Shelving location Date acquired Full call number Accession Number Item type
    Lending WERC Library WERC Library Social Science Cupboard 03/31/2024 305.4 BLA 606 Books in Stacks (Lending)

© WERC Library